'High' Things Quiz Stats

 Plays Quiz Updated Aug 8, 2018

Score 0/20 Timer 04:00
1 Play Today
% Correct
High Jump
97.5%
High Heels
97%
High Chair
94.4%
High Five
89.4%
High-top Sneakers
75.7%
High Noon
75.2%
High voltage
69.5%
High wire
66.9%
High School Musical
65.9%
High Tide
65.7%
% Correct
Highball
59.6%
High Ponytail
54.9%
Highland Games
54.7%
High Hat
53.2%
Highness
53.1%
High fashion
46.5%
High Society
44.1%
Highway to Hell
42.5%
West Highland Terrier
41%
High Fidelity
40%

You're not logged in!

Compare scores with friends on all Sporcle quizzes.
OR
Log In

Sporcle TV

Today on Sporcle TV


Watch our educational content, quiz creation guides, and fun videos on Sporcle TV.

Show Comments

Extras

Top Quizzes Today


Score Distribution

Your Account Isn't Verified!

In order to create a playlist on Sporcle, you need to verify the email address you used during registration. Go to your Sporcle Settings to finish the process.

Report this User

Report this user for behavior that violates our Community Guidelines.

Details: